[Event "Madrid 2019-2020 ch - Previa A"]
[Site "Madrid ESP"]
[Date "2020.02.05"]
[Round "3.19"]
[White "Martin-Buitrago Lopez, Antonio"]
[Black "De Diego Ferrer, Emilio"]
[Result "1-0"]
[WhiteElo "1641"]
[BlackElo "1883"]
[PlyCount "129"]
[EventDate "2020.02.03"]
[EventType "swiss"]
[EventRounds "9"]
[EventCountry "ESP"]
[SourceTitle "Ajedrez en Madrid"]
[Source "lmi"]
[SourceDate "2020.02.03"]
[SourceVersion "1"]
[SourceVersionDate "2020.02.27"]
[SourceQuality "1"]

1. e4 d5 2. exd5 Nf6 3. d4 Nxd5 4. c4 Nb6 5. Nc3 g6 6. Bf4 a6 7. Be5 f6 8. Bf4
Nc6 9. d5 e5 10. Be3 Ne7 11. Qf3 Nf5 12. O-O-O Bd7 13. c5 Na4 14. Ne4 Bg7 15.
b3 Nh4 16. Qg3 Nf5 17. Qf3 Nxe3 18. Qxe3 f5 19. c6 Bc8 20. bxa4 fxe4 21. Qxe4
O-O 22. Nf3 Bf5 23. Qc4 Qd6 24. Bd3 Bh6+ 25. Kb1 b5 26. Qh4 Bg7 27. Bxf5 Rxf5
28. Ng5 h6 29. Ne6 bxa4 30. Kc2 e4 31. Qxe4 Rxf2+ 32. Rd2 Rf5 33. Rb1 Re8 34.
Re1 Qa3 35. Qc4 Qb2+ 36. Kd3 Qa3+ 37. Ke2 Qd6 38. Kd1 Re7 39. g4 Rf3 40. Rf1
Rc3 41. Qf4 Qxf4 42. Rxf4 Be5 43. Rxa4 Rh3 44. Rxa6 Bxh2 45. Ra8+ Kh7 46. Rf2
Rd3+ 47. Rd2 Rxd2+ 48. Kxd2 h5 49. gxh5 gxh5 50. a4 Kg6 51. Rf8 Rf7 52. Rxf7
Kxf7 53. a5 Ke7 54. a6 Bg1 55. Nxc7 Kd6 56. Ne6 Bb6 57. c7 Kd7 58. d6 h4 59.
Ke2 h3 60. Kf3 h2 61. Kg2 Bg1 62. Ng5 Bb6 63. Kxh2 Bxc7 64. a7 Bxd6+ 65. Kg2
1-0

[Event "Madrid 2019-2020 ch - Previa A"]
[Site "Madrid ESP"]
[Date "2020.02.05"]
[Round "3.20"]
[White "Garcia Sanz, Eduardo"]
[Black "Bellagamba, Pascal"]
[Result "1-0"]
[WhiteElo "1832"]
[BlackElo "1612"]
[PlyCount "59"]
[EventDate "2020.02.03"]
[EventType "swiss"]
[EventRounds "9"]
[EventCountry "ESP"]
[SourceTitle "Ajedrez en Madrid"]
[Source "lmi"]
[SourceDate "2020.02.03"]
[SourceVersion "1"]
[SourceVersionDate "2020.02.27"]
[SourceQuality "1"]

1. c4 e5 2. g3 Nf6 3. Bg2 Be7 4. Nc3 c6 5. e4 d6 6. b3 Be6 7. Ba3 O-O 8. Nge2
Na6 9. d4 Qc7 10. O-O Rad8 11. h3 Rfe8 12. Kh2 Bf8 13. Qc1 Bc8 14. f4 Nb8 15.
fxe5 dxe5 16. Bxf8 Rxf8 17. Rxf6 gxf6 18. Qh6 Qd6 19. c5 Qe7 20. g4 exd4 21.
Ng3 Qe5 22. h4 Bxg4 23. Bh3 f5 24. exf5 dxc3 25. f6 Rd2+ 26. Bg2 Rxg2+ 27. Kh1
Rg1+ 28. Rxg1 Qd5+ 29. Rg2 Qd1+ 30. Kh2 1-0

[Event "Madrid 2019-2020 ch - Previa A"]
[Site "Madrid ESP"]
[Date "2020.02.05"]
[Round "3.21"]
[White "Gortazar Rubial, Javier Maria"]
[Black "Barahona Torrijos, Angel"]
[Result "1/2-1/2"]
[WhiteElo "1633"]
[BlackElo "1827"]
[PlyCount "103"]
[EventDate "2020.02.03"]
[EventType "swiss"]
[EventRounds "9"]
[EventCountry "ESP"]
[SourceTitle "Ajedrez en Madrid"]
[Source "lmi"]
[SourceDate "2020.02.03"]
[SourceVersion "1"]
[SourceVersionDate "2020.02.27"]
[SourceQuality "1"]

1. e4 e5 2. Nf3 Nc6 3. Bb5 Nd4 4. Nxd4 exd4 5. O-O c6 6. Bc4 Nf6 7. d3 d5 8.
exd5 Nxd5 9. Nd2 Be7 10. h3 Be6 11. Nf3 Bf6 12. Re1 Qd7 13. Ng5 O-O-O 14. Nxe6
fxe6 15. Qg4 Rde8 16. Bd2 e5 17. Qxd7+ Kxd7 18. Re4 b5 19. Bb3 Kd6 20. Rae1 Re7
21. Bxd5 cxd5 22. Bb4+ Kd7 23. Bxe7 dxe4 24. Bxf6 gxf6 25. Rxe4 Kd6 26. f4 Rc8
27. fxe5+ fxe5 28. Re2 a5 29. g4 a4 30. a3 Rb8 31. c3 dxc3 32. bxc3 Rc8 33. Rc2
e4 34. dxe4 Ke5 35. Kf2 Kxe4 36. Ke2 Kf4 37. Kf2 Rc5 38. Rc1 h5 39. gxh5 Rxh5
40. c4 Rc5 41. Ke2 bxc4 42. Kd2 Ke4 43. Kc3 Rc8 44. Rd1 Ke3 45. Rd4 Rb8 46.
Rxc4 Rb3+ 47. Kc2 Rxa3 48. Kb2 Rb3+ 49. Ka2 Rb5 50. h4 Kf3 51. Rxa4 Kg3 52. Ka3
1/2-1/2

[Event "Madrid 2019-2020 ch - Previa A"]
[Site "Madrid ESP"]
[Date "2020.02.05"]
[Round "3.22"]
[White "Jimenez Gonzalez, Marcos"]
[Black "Castro Uceda, Jose Antonio"]
[Result "1-0"]
[WhiteElo "1811"]
[BlackElo "1607"]
[PlyCount "77"]
[EventDate "2020.02.03"]
[EventType "swiss"]
[EventRounds "9"]
[EventCountry "ESP"]
[SourceTitle "Ajedrez en Madrid"]
[Source "lmi"]
[SourceDate "2020.02.03"]
[SourceVersion "1"]
[SourceVersionDate "2020.02.27"]
[SourceQuality "1"]

1. d4 Nf6 2. Nf3 d5 3. g3 Bf5 4. Bg2 c6 5. O-O e6 6. c4 Be7 7. Nc3 O-O 8. Qb3
dxc4 9. Qxb7 Nbd7 10. Qxc6 Rc8 11. Qa6 Qb6 12. Qxb6 axb6 13. Nh4 Bc2 14. Nf3 h6
15. h3 Bh7 16. Re1 Bb4 17. Bd2 Bxc3 18. Bxc3 Be4 19. Nd2 Bxg2 20. Kxg2 Rfe8 21.
e4 b5 22. a4 bxa4 23. Rxa4 Nb6 24. Ra7 Kh8 25. Rea1 Kg8 26. Rb7 Ra8 27. Rxa8
Nxa8 28. d5 exd5 29. Bxf6 gxf6 30. exd5 Rc8 31. d6 Kf8 32. Ne4 Kg7 33. d7 Rd8
34. Nd6 Kf8 35. Nf5 h5 36. h4 Nb6 37. Rxb6 Ra8 38. Rxf6 Kg8 39. Rd6 1-0

[Event "Madrid 2019-2020 ch - Previa A"]
[Site "Madrid ESP"]
[Date "2020.02.05"]
[Round "3.23"]
[White "Alises Fontecha, Juan"]
[Black "Hernandez Gutierrez, Jose"]
[Result "0-1"]
[WhiteElo "1586"]
[BlackElo "1784"]
[PlyCount "98"]
[EventDate "2020.02.03"]
[EventType "swiss"]
[EventRounds "9"]
[EventCountry "ESP"]
[SourceTitle "Ajedrez en Madrid"]
[Source "lmi"]
[SourceDate "2020.02.03"]
[SourceVersion "1"]
[SourceVersionDate "2020.02.27"]
[SourceQuality "1"]

1. e4 c6 2. Nf3 d5 3. Nc3 Bg4 4. d4 e6 5. h3 Bxf3 6. Qxf3 Nf6 7. exd5 cxd5 8.
Bg5 Be7 9. Rd1 Nc6 10. Bb5 Qb6 11. O-O O-O 12. Bxc6 Qxc6 13. Qd3 a6 14. Nb1 b5
15. c3 Rfc8 16. Nd2 a5 17. Rc1 Qb7 18. a3 Ra6 19. Nf3 h6 20. Bf4 Nd7 21. Rfe1
Rac6 22. Ne5 Nxe5 23. Rxe5 Bd6 24. Qg3 Bxe5 25. Bxe5 f5 26. Bd6 Qf7 27. Bc5 Kh7
28. Qd3 Rb8 29. Re1 Qg6 30. Qe2 Qf6 31. Qf3 Qg5 32. Qe2 Qf4 33. g3 Qc7 34. Qf3
Re8 35. b4 axb4 36. cxb4 Ra8 37. Qd3 Qb7 38. Re3 Kg8 39. Qe2 Raa6 40. a4 Rxa4
41. Rxe6 Rxe6 42. Qxe6+ Qf7 43. Qe2 Qd7 44. f4 Ra6 45. Kf2 Re6 46. Qd3 Re8 47.
h4 Qe6 48. Qd2 Qe4 49. Kg1 Qf3 0-1

[Event "Madrid 2019-2020 ch - Previa A"]
[Site "Madrid ESP"]
[Date "2020.02.05"]
[Round "3.24"]
[White "Menendez Domens, Juan Manuel"]
[Black "Yeves Miquel, Enrique"]
[Result "0-1"]
[WhiteElo "1445"]
[BlackElo "1777"]
[PlyCount "140"]
[EventDate "2020.02.03"]
[EventType "swiss"]
[EventRounds "9"]
[EventCountry "ESP"]
[SourceTitle "Ajedrez en Madrid"]
[Source "lmi"]
[SourceDate "2020.02.03"]
[SourceVersion "1"]
[SourceVersionDate "2020.02.27"]
[SourceQuality "1"]

1. Nf3 c5 2. e4 e6 3. c3 Nf6 4. d3 d5 5. e5 Nfd7 6. d4 Nc6 7. Be2 Be7 8. O-O f6
9. c4 Nxd4 10. Nxd4 cxd4 11. cxd5 Nxe5 12. Bb5+ Kf7 13. Qxd4 Qxd5 14. Qxd5 exd5
15. Rd1 Be6 16. Nc3 Rhd8 17. Be3 Nc6 18. Ne2 a6 19. Ba4 b5 20. Bb3 Na5 21. Bb6
Nxb3 22. Bxd8 Nxa1 23. Bxe7 Kxe7 24. Rxa1 Rc8 25. Nd4 Rc4 26. Rd1 Kd6 27. b3
Rc3 28. h3 Bd7 29. Kf1 g5 30. Ke2 h5 31. Kd2 b4 32. Nc2 a5 33. Nd4 g4 34. hxg4
hxg4 35. Ne2 Rc8 36. Nf4 Bf5 37. Ne2 Rc2+ 38. Ke3 Rxa2 39. Nd4 Bd7 40. Rb1 g3
41. fxg3 Rxg2 42. Kf3 Ra2 43. Kf4 a4 44. bxa4 Rxa4 45. Rb3 Kc5 46. Nf3 Ra3 47.
Rb1 Bb5 48. Nd2 Bc4 49. g4 Rd3 50. Rb2 Kd4 51. Nb1 b3 52. Kf5 Rf3+ 53. Kg6 Bd3+
54. Kg7 Bxb1 55. Rxb1 Kc3 56. Ra1 Kc2 57. Ra3 d4 58. Ra7 b2 59. Rc7+ Kd3 60.
Rb7 Rf2 61. Kg6 Kc2 62. Rc7+ Kd1 63. Rb7 d3 64. g5 fxg5 65. Kxg5 Kc2 66. Rc7+
Kb1 67. Kg4 d2 68. Rd7 Kc2 69. Rc7+ Kd3 70. Rb7 d1=Q+ 0-1

[Event "Madrid 2019-2020 ch - Previa A"]
[Site "Madrid ESP"]
[Date "2020.02.05"]
[Round "3.25"]
[White "Garcia Gonzalez, Pedro A."]
[Black "Lopez Guitian, Juan J."]
[Result "1-0"]
[WhiteElo "1743"]
[BlackElo "1497"]
[PlyCount "53"]
[EventDate "2020.02.03"]
[EventType "swiss"]
[EventRounds "9"]
[EventCountry "ESP"]
[SourceTitle "Ajedrez en Madrid"]
[Source "lmi"]
[SourceDate "2020.02.03"]
[SourceVersion "1"]
[SourceVersionDate "2020.02.27"]
[SourceQuality "1"]

1. d4 b6 2. Nf3 Bb7 3. e3 Nf6 4. Bd3 e6 5. Nbd2 c5 6. b3 Nc6 7. Bb2 Be7 8. O-O
Rc8 9. a3 O-O 10. Qe2 Qc7 11. c4 Rfe8 12. Rac1 d5 13. cxd5 exd5 14. dxc5 bxc5
15. Rfd1 Bd6 16. Bxf6 gxf6 17. Nh4 Ne5 18. Bb1 Ng6 19. Qh5 Bf8 20. Ndf3 Rcd8
21. Rd4 Bc6 22. Rg4 d4 23. Nf5 Bxf3 24. gxf3 d3 25. Rd1 d2 26. Rh4 Nxh4 27.
Ne7+ 1-0

[Event "Madrid 2019-2020 ch - Previa A"]
[Site "Madrid ESP"]
[Date "2020.02.05"]
[Round "3.26"]
[White "De Fuenmayor Fernandez de la, Carlos Pablo"]
[Black "Lizon Martinez, Santiago"]
[Result "0-1"]
[WhiteElo "1365"]
[BlackElo "1738"]
[PlyCount "52"]
[EventDate "2020.02.03"]
[EventType "swiss"]
[EventRounds "9"]
[EventCountry "ESP"]
[SourceTitle "Ajedrez en Madrid"]
[Source "lmi"]
[SourceDate "2020.02.03"]
[SourceVersion "1"]
[SourceVersionDate "2020.02.27"]
[SourceQuality "1"]

1. c4 e5 2. g3 Nf6 3. Bg2 c6 4. e4 Bc5 5. Ne2 O-O 6. O-O d5 7. cxd5 cxd5 8.
exd5 Nxd5 9. Nbc3 Be6 10. d4 exd4 11. Nxd4 Nxc3 12. bxc3 Bd5 13. Be3 Bxg2 14.
Kxg2 Qd5+ 15. Kg1 Nc6 16. Qg4 Ne5 17. c4 Qxc4 18. Qe4 Bxd4 19. Bxd4 Qxd4 20.
Qxb7 Rab8 21. Qc7 Qe4 22. Rfd1 Nf3+ 23. Kg2 Ng5+ 24. Kg1 Nh3+ 25. Kf1 Rb2 26.
Qxa7 Qh1# 0-1

[Event "Madrid 2019-2020 ch - Previa A"]
[Site "Madrid ESP"]
[Date "2020.02.05"]
[Round "3.27"]
[White "Maseda Iglesias, Luis"]
[Black "Loriente Del Real, Alberto"]
[Result "1-0"]
[WhiteElo "1735"]
[BlackElo "1288"]
[PlyCount "71"]
[EventDate "2020.02.03"]
[EventType "swiss"]
[EventRounds "9"]
[EventCountry "ESP"]
[SourceTitle "Ajedrez en Madrid"]
[Source "lmi"]
[SourceDate "2020.02.03"]
[SourceVersion "1"]
[SourceVersionDate "2020.02.27"]
[SourceQuality "1"]

1. d4 d5 2. Bf4 Nf6 3. e3 e6 4. Nd2 Bd6 5. Bg3 b6 6. Bd3 Bb7 7. Ngf3 O-O 8. Ne5
c5 9. c3 Ne4 10. Qc2 Nd7 11. Nxd7 Qxd7 12. Bxd6 Qxd6 13. Nxe4 dxe4 14. Bxe4
Bxe4 15. Qxe4 cxd4 16. exd4 Rfe8 17. O-O Rac8 18. Rae1 Rc4 19. f4 Ra4 20. a3
Ra5 21. Re2 Rh5 22. Qf3 Rh6 23. g4 Rf8 24. Rfe1 Rf6 25. Re5 Rg6 26. h4 f5 27.
g5 h6 28. h5 Rxg5+ 29. fxg5 hxg5 30. Rxe6 Qc7 31. R1e5 g4 32. Qf4 Qf7 33. Qg5
Kh8 34. Re7 Qg8 35. Qg6 Qh7 36. Re8 1-0

[Event "Madrid 2019-2020 ch - Previa A"]
[Site "Madrid ESP"]
[Date "2020.02.05"]
[Round "3.28"]
[White "Rubio Gonzalez, Beltran"]
[Black "Martin Rodriguez, Anastasio"]
[Result "1/2-1/2"]
[WhiteElo "1601"]
[BlackElo "1607"]
[PlyCount "88"]
[EventDate "2020.02.03"]
[EventType "swiss"]
[EventRounds "9"]
[EventCountry "ESP"]
[SourceTitle "Ajedrez en Madrid"]
[Source "lmi"]
[SourceDate "2020.02.03"]
[SourceVersion "1"]
[SourceVersionDate "2020.02.27"]
[SourceQuality "1"]

1. d4 Nf6 2. c4 c5 3. d5 b5 4. cxb5 a6 5. b6 d6 6. Nc3 g6 7. e4 Bg7 8. Nf3 O-O
9. Be2 Nbd7 10. a4 a5 11. O-O Qxb6 12. Nd2 Ba6 13. Re1 Bxe2 14. Qxe2 Ne5 15.
Kh1 c4 16. Nxc4 Nxc4 17. Qxc4 Qxf2 18. Qe2 Ng4 19. Bd2 Rfb8 20. Ra2 Rb3 21. Nd1
Qxe2 22. Rxe2 Ne5 23. Bc3 Nc4 24. Kg1 Bxc3 25. bxc3 Rb1 26. Re1 Rab8 27. Kf2
Rc1 28. Ke2 Rbb1 29. Kd3 Ne5+ 30. Kd2 Ng4 31. Rc2 Rxc2+ 32. Kxc2 Ra1 33. Kb2
Rxa4 34. h3 Ne5 35. Nf2 Rc4 36. Kb3 Rc8 37. Ra1 Rb8+ 38. Kc2 Ra8 39. Kb3 Kf8
40. Ra3 Ke8 41. Ka4 Kf8 42. Rb3 h5 43. Rb5 Rc8 44. Kb3 Ra8 1/2-1/2

[Event "Madrid 2019-2020 ch - Previa A"]
[Site "Madrid ESP"]
[Date "2020.02.05"]
[Round "3.29"]
[White "Casal Martin, Jose M"]
[Black "Martin Vazquez, Jose Luis"]
[Result "0-1"]
[WhiteElo "1473"]
[BlackElo "1789"]
[PlyCount "92"]
[EventDate "2020.02.03"]
[EventType "swiss"]
[EventRounds "9"]
[EventCountry "ESP"]
[SourceTitle "Ajedrez en Madrid"]
[Source "lmi"]
[SourceDate "2020.02.03"]
[SourceVersion "1"]
[SourceVersionDate "2020.02.27"]
[SourceQuality "1"]

1. e4 c5 2. Nf3 Nc6 3. d4 cxd4 4. Nxd4 g6 5. Nc3 Bg7 6. Be3 Nf6 7. f3 O-O 8.
Qd2 d5 9. exd5 Nxd5 10. Nxc6 bxc6 11. Nxd5 Qxd5 12. Qxd5 cxd5 13. c3 a5 14. Bc5
Bf5 15. Kf2 Rfb8 16. Ba3 d4 17. g4 Be6 18. c4 d3 19. Bxd3 Bxb2 20. Bxe7 Bxa1
21. Rxa1 Rb2+ 22. Kg3 Rd2 23. Be4 Rc8 24. Bg5 Rd4 25. c5 Ra4 26. c6 f5 27. gxf5
gxf5 28. Bc2 Rc4 29. Bb3 R4xc6 30. Rd1 Bxb3 31. axb3 Rb6 32. Ra1 Ra8 33. Bd2
Rxb3 34. Rxa5 Rxa5 35. Bxa5 Ra3 36. Bb4 Ra4 37. Bd6 Kf7 38. Bf4 Kg6 39. h4 Kh5
40. Bg5 h6 41. Be7 f4+ 42. Kh3 Rc4 43. Bd6 Kg6 44. Be5 h5 45. Bb8 Kf5 46. Bd6
Rc2 0-1

[Event "Madrid 2019-2020 ch - Previa A"]
[Site "Madrid ESP"]
[Date "2020.02.05"]
[Round "3.30"]
[White "Penas Merino, Ramona"]
[Black "Lucia Carpintero, Oscar"]
[Result "1-0"]
[WhiteElo "1422"]
[BlackElo "1655"]
[PlyCount "65"]
[EventDate "2020.02.03"]
[EventType "swiss"]
[EventRounds "9"]
[EventCountry "ESP"]
[SourceTitle "Ajedrez en Madrid"]
[Source "lmi"]
[SourceDate "2020.02.03"]
[SourceVersion "1"]
[SourceVersionDate "2020.02.27"]
[SourceQuality "1"]

1. d4 d5 2. Nf3 Nf6 3. e3 Bf5 4. Bd3 Bxd3 5. Qxd3 c6 6. O-O Nbd7 7. c4 e6 8.
Nc3 Bd6 9. cxd5 exd5 10. a3 a5 11. b3 O-O 12. Bb2 Re8 13. Rac1 Ne4 14. Nd2 Ndf6
15. Ndxe4 Nxe4 16. Nxe4 Rxe4 17. Rfe1 Qe7 18. a4 Re8 19. Bc3 Bc7 20. Qd2 Qd8
21. Qb2 Qd6 22. g3 Qe6 23. Kg2 g5 24. Bd2 g4 25. b4 axb4 26. Qxb4 Re7 27. Qxb7
Qh6 28. Qxc6 Qh3+ 29. Kg1 R4e6 30. Qa8+ Kg7 31. Qxd5 Re4 32. Qg5+ Kf8 33. Bb4
1-0

[Event "Madrid 2019-2020 ch - Previa A"]
[Site "Madrid ESP"]
[Date "2020.02.05"]
[Round "3.31"]
[White "Martinez Martinez, Javier II"]
[Black "Ramos Antona, Enrique"]
[Result "1-0"]
[WhiteElo "1595"]
[BlackElo "1436"]
[PlyCount "86"]
[EventDate "2020.02.03"]
[EventType "swiss"]
[EventRounds "9"]
[EventCountry "ESP"]
[SourceTitle "Ajedrez en Madrid"]
[Source "lmi"]
[SourceDate "2020.02.03"]
[SourceVersion "1"]
[SourceVersionDate "2020.02.27"]
[SourceQuality "1"]

1. d4 d6 2. g3 Nf6 3. Bg2 g6 4. Bg5 Bg7 5. Bxf6 Bxf6 6. c3 O-O 7. Qb3 Nc6 8.
Nd2 Rb8 9. Bxc6 Be6 10. Bd5 Bd7 11. Bg2 b5 12. e3 a5 13. Ne2 c5 14. O-O c4 15.
Qc2 Bg4 16. Ne4 Bg7 17. f3 Bf5 18. d5 Qd7 19. Nd4 Bh3 20. Nc6 Rbe8 21. Bxh3
Qxh3 22. Nf2 Qh5 23. Qe2 Qxd5 24. Nd4 e5 25. e4 Qc5 26. Nc2 f5 27. Qe3 Qc6 28.
Rad1 Re6 29. Rd5 h5 30. Nh3 Ref6 31. Rf2 Kh7 32. Ng5+ Kg8 33. Nh3 Kh7 34. Ng5+
Kg8 35. Qd2 Bh6 36. f4 Qb6 37. h4 exf4 38. gxf4 fxe4 39. Nd4 Qb7 40. Rxb5 Qd7
41. Qe2 Rxf4 42. Rxf4 Rxf4 43. Qxc4+ Rf7 1-0

[Event "Madrid 2019-2020 ch - Previa A"]
[Site "Madrid ESP"]
[Date "2020.02.05"]
[Round "3.32"]
[White "Giron Herranz, Juan"]
[Black "Navas Marin, Felix"]
[Result "1-0"]
[WhiteElo "1580"]
[BlackElo "1421"]
[PlyCount "23"]
[EventDate "2020.02.03"]
[EventType "swiss"]
[EventRounds "9"]
[EventCountry "ESP"]
[SourceTitle "Ajedrez en Madrid"]
[Source "lmi"]
[SourceDate "2020.02.03"]
[SourceVersion "1"]
[SourceVersionDate "2020.02.27"]
[SourceQuality "1"]

1. d4 Nf6 2. c4 c6 3. Nc3 e6 4. Nf3 d5 5. Bf4 Nbd7 6. e3 Be7 7. Bd3 O-O 8. O-O
h6 9. cxd5 exd5 10. Rc1 Re8 11. Nb5 cxb5 12. Bc7 1-0

[Event "Madrid 2019-2020 ch - Previa A"]
[Site "Madrid ESP"]
[Date "2020.02.05"]
[Round "3.33"]
[White "Martinez Pascual, Gonzalo"]
[Black "Suarez Mencia, Roberto"]
[Result "1-0"]
[WhiteElo "1559"]
[BlackElo "1387"]
[PlyCount "75"]
[EventDate "2020.02.03"]
[EventType "swiss"]
[EventRounds "9"]
[EventCountry "ESP"]
[SourceTitle "Ajedrez en Madrid"]
[Source "lmi"]
[SourceDate "2020.02.03"]
[SourceVersion "1"]
[SourceVersionDate "2020.02.27"]
[SourceQuality "1"]

1. d4 Nf6 2. Bf4 d6 3. e3 g6 4. Nf3 Bg7 5. Be2 Nbd7 6. h3 c6 7. Nbd2 b5 8. O-O
O-O 9. c3 Re8 10. Bh2 e5 11. Qb3 a6 12. Ng5 Rf8 13. Nge4 Nxe4 14. Nxe4 d5 15.
Nd2 e4 16. a4 Nf6 17. axb5 cxb5 18. Bxb5 Bb7 19. Be2 Qd7 20. Rfc1 Rfc8 21. c4
Kh8 22. cxd5 h5 23. Rxc8+ Bxc8 24. Rc1 Qf5 25. Rc5 Nd7 26. Rc7 Rb8 27. Qc2 Nb6
28. Qxe4 Qxe4 29. Nxe4 Nxd5 30. Rc2 Nb4 31. Bxb8 Nxc2 32. Nd6 Be6 33. Bxa6 Nb4
34. Bc4 Bxc4 35. Nxc4 Kh7 36. Bd6 Nd3 37. b4 Bf6 38. b5 1-0

[Event "Madrid 2019-2020 ch - Previa A"]
[Site "Madrid ESP"]
[Date "2020.02.05"]
[Round "3.34"]
[White "Gonzalez Recas, Fernando"]
[Black "Giron Herranz, Ivan"]
[Result "1-0"]
[WhiteElo "1548"]
[BlackElo "1341"]
[PlyCount "103"]
[EventDate "2020.02.03"]
[EventType "swiss"]
[EventRounds "9"]
[EventCountry "ESP"]
[SourceTitle "Ajedrez en Madrid"]
[Source "lmi"]
[SourceDate "2020.02.03"]
[SourceVersion "1"]
[SourceVersionDate "2020.02.27"]
[SourceQuality "1"]

1. e4 e6 2. d4 d5 3. e5 c5 4. c3 Nc6 5. Nf3 Qb6 6. a3 cxd4 7. cxd4 Nge7 8. Nc3
a6 9. Na4 Qa7 10. b4 Nf5 11. Bb2 Bd7 12. g4 Nh6 13. Bh3 b5 14. Nc5 Bxc5 15.
dxc5 Qc7 16. O-O Ng8 17. Qe2 Nge7 18. Ne1 O-O 19. f4 a5 20. Nd3 axb4 21. axb4
Rxa1 22. Rxa1 Qb7 23. Qf1 Ra8 24. Qd1 Kf8 25. Kf2 Ng8 26. Kg3 Ke7 27. Qc1 Ra4
28. Ba3 Kd8 29. f5 exf5 30. Qg5+ Nge7 31. gxf5 g6 32. fxg6 hxg6 33. Qf6 Bxh3
34. Qh8+ Kc7 35. Qxh3 Nf5+ 36. Kf4 Qa8 37. Nb2 Rxb4+ 38. Bxb4 Qxa1 39. Qc3 Nxb4
40. Qxb4 Qc1+ 41. Kf3 Qh1+ 42. Ke2 Qxh2+ 43. Kd3 Qg3+ 44. Kc2 Qf2+ 45. Kb1 Kc6
46. Nd3 Qf1+ 47. Nc1 Qc4 48. Qa5 Qe4+ 49. Kb2 Qxe5+ 50. Kb1 Qe4+ 51. Kb2 Kxc5
52. Qc7+ 1-0

[Event "Madrid 2019-2020 ch - Previa A"]
[Site "Madrid ESP"]
[Date "2020.02.05"]
[Round "3.35"]
[White "Faggiano, Alessandro"]
[Black "Rodriguez Bachiller, Luis"]
[Result "1-0"]
[WhiteElo "1282"]
[BlackElo "1536"]
[PlyCount "57"]
[EventDate "2020.02.03"]
[EventType "swiss"]
[EventRounds "9"]
[EventCountry "ESP"]
[SourceTitle "Ajedrez en Madrid"]
[Source "lmi"]
[SourceDate "2020.02.03"]
[SourceVersion "1"]
[SourceVersionDate "2020.02.27"]
[SourceQuality "1"]

1. c4 b6 2. Nf3 Bb7 3. g3 e6 4. Nc3 f5 5. Bg2 Nf6 6. d3 Be7 7. O-O O-O 8. Bg5
h6 9. Bd2 c5 10. Re1 Na6 11. e4 fxe4 12. dxe4 Nh7 13. e5 Nc7 14. Ne4 Ne8 15.
Bc3 Qc7 16. b3 Rd8 17. Qe2 g5 18. h4 g4 19. Nh2 h5 20. f3 d5 21. exd6 Bxd6 22.
Nxd6 gxf3 23. Qxe6+ Rf7 24. Nxf7 Qxf7 25. Qxf7+ Kxf7 26. Nxf3 Nhf6 27. Ng5+ Kg6
28. Bxf6 Nxf6 29. Bxb7 1-0

[Event "Madrid 2019-2020 ch - Previa A"]
[Site "Madrid ESP"]
[Date "2020.02.05"]
[Round "3.37"]
[White "Arevillca Colque, Jonatan"]
[Black "Enriquez Pastor, Jorge"]
[Result "0-1"]
[WhiteElo "1004"]
[BlackElo "1513"]
[PlyCount "76"]
[EventDate "2020.02.03"]
[EventType "swiss"]
[EventRounds "9"]
[EventCountry "ESP"]
[SourceTitle "Ajedrez en Madrid"]
[Source "lmi"]
[SourceDate "2020.02.03"]
[SourceVersion "1"]
[SourceVersionDate "2020.02.27"]
[SourceQuality "1"]

1. e4 e6 2. d4 d5 3. e5 c5 4. c3 Nc6 5. Nf3 Qb6 6. Bd3 Bd7 7. Bf4 cxd4 8. Nxd4
Nxd4 9. cxd4 Qxd4 10. Qc2 Qxf4 11. Qc7 Qb4+ 12. Nc3 Qb6 13. Qxb6 axb6 14. Bb5
Bb4 15. Bxd7+ Kxd7 16. a3 Ne7 17. O-O Bxc3 18. bxc3 Rhc8 19. Rfc1 Ng6 20. f4
Ke8 21. g3 Ne7 22. g4 Ng6 23. f5 Nxe5 24. fxe6 fxe6 25. h3 Rc4 26. Kf2 Nd3+ 27.
Kg3 Nxc1 28. Rxc1 Rxa3 29. Kh4 Rcxc3 30. Rxc3 Rxc3 31. Kg5 d4 32. Kf4 d3 33.
Ke5 d2 34. Kxe6 d1=Q 35. g5 Re3+ 36. Kf5 Qf1+ 37. Kg4 Qg2+ 38. Kf4 Qf3# 0-1

[Event "Madrid 2019-2020 ch - Previa A"]
[Site "Madrid ESP"]
[Date "2020.02.10"]
[Round "4.1"]
[White "Camarero Izquierdo, Juan Carlos"]
[Black "Panduru, Eugen"]
[Result "1/2-1/2"]
[WhiteElo "1828"]
[BlackElo "1982"]
[PlyCount "28"]
[EventDate "2020.02.03"]
[EventType "swiss"]
[EventRounds "9"]
[EventCountry "ESP"]
[SourceTitle "Ajedrez en Madrid"]
[Source "lmi"]
[SourceDate "2020.02.03"]
[SourceVersion "1"]
[SourceVersionDate "2020.02.27"]
[SourceQuality "1"]

1. d4 d5 2. Nc3 Nf6 3. Bg5 e6 4. e4 dxe4 5. Nxe4 Be7 6. Bxf6 Bxf6 7. Nf3 Nc6 8.
Qd3 O-O 9. O-O-O Bd7 10. Kb1 Nb4 11. Qd2 a5 12. h4 Bc6 13. Neg5 Bxf3 14. Nxf3
Qd5 1/2-1/2

[Event "Madrid 2019-2020 ch - Previa A"]
[Site "Madrid ESP"]
[Date "2020.02.10"]
[Round "4.2"]
[White "Cabañas Bravo, Juan Andres"]
[Black "Hernandez Recio, Roberto"]
[Result "0-1"]
[WhiteElo "1981"]
[BlackElo "1845"]
[PlyCount "102"]
[EventDate "2020.02.03"]
[EventType "swiss"]
[EventRounds "9"]
[EventCountry "ESP"]
[SourceTitle "Ajedrez en Madrid"]
[Source "lmi"]
[SourceDate "2020.02.03"]
[SourceVersion "1"]
[SourceVersionDate "2020.02.27"]
[SourceQuality "1"]

1. e4 c5 2. Nf3 g6 3. d4 cxd4 4. Nxd4 Bg7 5. Nc3 Nc6 6. Be3 Nf6 7. Nxc6 bxc6 8.
e5 Ng8 9. Bd4 c5 10. Bxc5 Bxe5 11. Qf3 Rb8 12. Bc4 e6 13. Qe3 Qf6 14. Ne4 Qf4
15. Qxf4 Bxf4 16. Nd6+ Bxd6 17. Bxd6 Rb6 18. O-O-O Bb7 19. f3 Ne7 20. Bb3 Nd5
21. Bc5 Ra6 22. Rhe1 Kd8 23. Rd4 Ra5 24. Bd6 Ra6 25. Be5 Rg8 26. Red1 Bc6 27.
c4 Ne3 28. R1d2 Ra5 29. Bf6+ Kc8 30. R4d3 Nf1 31. Rd1 Nxh2 32. Rh1 Rh5 33. Bd1
Ng4 34. Rxh5 Nxf6 35. Rh6 Kc7 36. g4 Rh8 37. Rd2 e5 38. Rdh2 Rf8 39. Kd2 a5 40.
Ke3 d5 41. b3 d4+ 42. Kf2 e4 43. f4 e3+ 44. Ke1 d3 45. g5 Ne4 46. Rxh7 Nc3 47.
Bg4 Rd8 48. Rxf7+ Kb8 49. Bd1 d2+ 50. Kf1 Nxd1 51. Rxd2 exd2 0-1

[Event "Madrid 2019-2020 ch - Previa A"]
[Site "Madrid ESP"]
[Date "2020.02.10"]
[Round "4.3"]
[White "Ciuro Muñoz, Ricardo"]
[Black "Garcia Prados, David"]
[Result "1/2-1/2"]
[WhiteElo "1953"]
[BlackElo "1872"]
[PlyCount "59"]
[EventDate "2020.02.03"]
[EventType "swiss"]
[EventRounds "9"]
[EventCountry "ESP"]
[SourceTitle "Ajedrez en Madrid"]
[Source "lmi"]
[SourceDate "2020.02.03"]
[SourceVersion "1"]
[SourceVersionDate "2020.02.27"]
[SourceQuality "1"]

1. e4 c5 2. Nf3 Nc6 3. d3 g6 4. g3 Bg7 5. Bg2 e6 6. O-O Nge7 7. Re1 d6 8. c3
O-O 9. Nbd2 Qc7 10. Qe2 Rb8 11. a4 a6 12. Nf1 b5 13. axb5 axb5 14. h4 b4 15.
Bd2 Na5 16. Qd1 Nb3 17. Rb1 Nxd2 18. Qxd2 Nc6 19. h5 Bd7 20. hxg6 hxg6 21. Ne3
bxc3 22. bxc3 Rxb1 23. Rxb1 Rb8 24. Rxb8+ Qxb8 25. Ng4 d5 26. exd5 exd5 27. Qg5
Bxg4 28. Qxg4 Ne5 29. Nxe5 Qxe5 30. Qc8+ 1/2-1/2